[Event "IND-ch U17 20th"]
[Site "Chakradharpur"]
[Date "2009.10.10"]
[Round "5"]
[White "Indranil, Talukdar"]
[Black "Mehar, Chinna Reddy CH"]
[Result "0-1"]
[WhiteElo "1720"]
[BlackElo "2235"]
[PlyCount "66"]
[EventDate "2009.10.07"]
[EventType "swiss"]
[EventRounds "11"]
[EventCountry "IND"]
[SourceTitle "CBM 132 Extra"]
[Source "ChessBase"]
[SourceDate "2009.11.03"]
[SourceVersion "1"]
[SourceVersionDate "2009.11.03"]
[SourceQuality "1"]

1. e4 c5 2. Nf3 d6 3. d4 cxd4 4. Nxd4 Nf6 5. Nc3 Nc6 6. Bc4 Qb6 7. Nb3 e6 8. Be3 Qc7 9. 0-0 Be7 10. f4 0-0 11. g4 d5 12. exd5 Nb4 13. Be2 Nbxd5 14. Nb5 Qb8 15. Bd2 a6 16. N5d4 Bd6 17. Qc1 e5 18. fxe5 Bxe5 19. h3 Bxd4+ 20. Nxd4 Qg3+ 21. Kh1 Qxh3+ 22. Kg1 Nxg4 23. Nf3 Qg3+ 24. Kh1 Nf2+ 25. Rxf2 Qxf2 26. Qf1 Qxf1+ 27. Rxf1 Bg4 28. c4 Rfe8 29. Bd3 Ne3 30. Rf2 Rad8 31. Be2 Nf5 32. Ne5 Bxe2 33. Rxe2 Ng3+ 0-1

[Event "IND-ch U17 20th"]
[Site "Chakradharpur"]
[Date "2009.10.08"]
[Round "3"]
[White "Indranil, Talukdar"]
[Black "Patil, Pratik"]
[Result "0-1"]
[WhiteElo "1720"]
[BlackElo "2024"]
[PlyCount "72"]
[EventDate "2009.10.07"]
[EventType "swiss"]
[EventRounds "11"]
[EventCountry "IND"]
[SourceTitle "CBM 132 Extra"]
[Source "ChessBase"]
[SourceDate "2009.11.03"]
[SourceVersion "1"]
[SourceVersionDate "2009.11.03"]
[SourceQuality "1"]

1. e4 c5 2. Nf3 d6 3. d4 cxd4 4. Nxd4 Nf6 5. Nc3 a6 6. Be2 e5 7. Nb3 Be7 8. Be3 Be6 9. Bf3 Nbd7 10. g4 Nb6 11. g5 Nfd7 12. h4 Nc4 13. Bc1 b5 14. Bg4 Ndb6 15. Bxe6 fxe6 16. Qg4 Qd7 17. 0-0 0-0 18. Rd1 Qc8 19. Rd3 b4 20. Ne2 d5 21. g6 h6 22. Nd2 Nxd2 23. Bxd2 dxe4 24. Qxe4 Qc4 25. Qxc4 Nxc4 26. Be1 Bxh4 27. b3 e4 28. Rd4 Na3 29. Rxe4 Nxc2 30. Rc1 Nxe1 31. Rxe1 Bxf2+ 32. Kf1 Bg3+ 33. Nf4 Bxf4 34. R1e2 e5 35. Kg2 a5 36. Rc4 Ra6 0-1